Fuyuz-e Hidayat : / فیوض ہدایۃ (Record no. 29298)

MARC details
000 -LEADER
fixed length control field 00498nam a22001817a 4500
003 - CONTROL NUMBER IDENTIFIER
control field BDDh-ASL
005 - DATE AND TIME OF LATEST TRANSACTION
control field 20231015031021.0
008 - FIXED-LENGTH DATA ELEMENTS--GENERAL INFORMATION
fixed length control field 220921s1897 ii ||||| |||| 00| 0 urd d
040 ## - CATALOGING SOURCE
Original cataloging agency BDDh-ASL
Transcribing agency BDDh-ASL
041 ## - LANGUAGE CODE
Language code of text/sound track or separate title urd
082 ## - DEWEY DECIMAL CLASSIFICATION NUMBER
Classification number 297
Item number FUY
245 10 - TITLE STATEMENT
Title Fuyuz-e Hidayat : / فیوض ہدایۃ
260 ## - PUBLICATION, DISTRIBUTION, ETC.
Place of publication, distribution, etc. Lucknow :
Name of publisher, distributor, etc. Ejaz-e Mohammadi Press ,
Date of publication, distribution, etc. 1897/1319H.
300 ## - PHYSICAL DESCRIPTION
Extent 32 p. :
Dimensions 21 cm.
650 #0 - SUBJECT ADDED ENTRY--TOPICAL TERM
9 (RLIN) 1652
Topical term or geographic name entry element Islam
700 1# - ADDED ENTRY--PERSONAL NAME
9 (RLIN) 6584
Personal name Rasul, Mohammad Hidayatur
942 ## - ADDED ENTRY ELEMENTS (KOHA)
Source of classification or shelving scheme Dewey Decimal Classification
Koha item type Books
Holdings
Withdrawn status Lost status Source of classification or shelving scheme Damaged status Not for loan Collection code Home library Current library Shelving location Date acquired Source of acquisition Serial Enumeration / chronology Total Checkouts Full call number Barcode Date last seen Copy number Price effective from Koha item type Public note
    Dewey Decimal Classification   Not For Loan Non-fiction Asiatic Society Library Asiatic Society Library General Stacks 09/21/2022 ASB Collections U-0881   297 FUY 117499 09/21/2022 C-1 09/21/2022 Books Y-1897

Powered by Koha